Para Martine: de las ATP a Nanterre, pasando por otros lugares (notice n° 1678027)
[ vue normale ]
| 000 -LEADER | |
|---|---|
| fixed length control field | 00739cam a2200157 4500500 |
| 005 - DATE AND TIME OF LATEST TRANSACTION | |
| control field | 20260308003955.0 |
| 041 ## - LANGUAGE CODE | |
| Language code of text/sound track or separate title | fre |
| 042 ## - AUTHENTICATION CODE | |
| Authentication code | dc |
| 100 10 - MAIN ENTRY--PERSONAL NAME | |
| Personal name | Augustins, Georges |
| Relator term | author |
| 245 00 - TITLE STATEMENT | |
| Title | Para Martine: de las ATP a Nanterre, pasando por otros lugares |
| 260 ## - PUBLICATION, DISTRIBUTION, ETC. | |
| Date of publication, distribution, etc. | 2024.<br/> |
| 500 ## - GENERAL NOTE | |
| General note | 69 |
| 520 ## - SUMMARY, ETC. | |
| Summary, etc. | En La Destruction de Berlin (La Découverte, 2025), Stéphane Füzesséry presenta una biografía detallada de Berlín desde 1860 hasta su conquista por los nazis y su posterior destrucción por los bombardeos aliados en 1945. |
| 786 0# - DATA SOURCE ENTRY | |
| Note | Ethnologie française | 54 | 3 | 2024-11-15 | p. 129-132 | 0046-2616 |
| 856 41 - ELECTRONIC LOCATION AND ACCESS | |
| Uniform Resource Identifier | <a href="https://shs.cairn.info/revista-ethnologie-francaise-2024-3-page-129?lang=es&redirect-ssocas=7080">https://shs.cairn.info/revista-ethnologie-francaise-2024-3-page-129?lang=es&redirect-ssocas=7080</a> |
Pas d'exemplaire disponible.




Réseaux sociaux